00968nam a2200241 a 4500999001500000001000600015003000900021005001700030008004500047020001700092040003800109082002100147100002800168245005600196250001200252260003900264300003000303504005100333650004200384942001500426952015100441952013400592 c1222d122211624BD-DhUAP20200204102307.0200204r20121995 bg b 001 0 eng d a984320101264 aBD-DhUAPcBD-DhUAPbEngdBD-DhUAP00a342.5492 ISL2231 aIslam, Mahmudul.91207710aConstitutional law of Bangladesh /cMahmudul Islam. a3rd ed. aDhaka :bMullick Brothers,cc2012. acxx, 1140 pages ;c22 cm. aIncludes bibliographical references and index. 0aConstitutional lawzBangladesh.96989 2ddccBK04 00102ddc4070aUAPCLbUAPCLcGeneral Stacksd2020-02-04l16m17o342.5492 ISLp3010011624q2026-05-19r2026-05-05s2026-05-05t1w2020-02-04yBK 00102ddc4070aUAPCLbUAPCLcGeneral Stacksd2020-12-29l2o342.5492 ISLp3010020055r2022-08-17s2022-07-27t2w2020-12-29yBK